[Event "X GRAN TORNEO INTERNACIONAL AFICIONADOS S-2300 "]
[Site "Benidorm (Alicante - SPAIN)"]
[Date "2011.12.06"]
[Round "5"]
[Board "1"]
[White "Spitzer Isbert, Ramon"]
[Black "Serarols Mabras, Bernat"]
[Result "1-0"]
[WhiteElo "2062"]
[BlackElo "1890"]
[PlyCount "53"]
[EventDate "2011.12.02"]
[EventRounds "10"]
[EventCountry "ESP"]

1. Nf3 d5 2. c4 dxc4 3. e3 e6 4. Nc3 Nf6 5. Bxc4 c6 6. a4 Be7 7. O-O O-O 8. d4
Nbd7 9. Qe2 b6 10. Rd1 Bb7 11. a5 b5 12. Bd3 a6 13. e4 c5 14. e5 Nd5 15. Ne4
cxd4 16. Neg5 g6 17. h4 Nc5 18. h5 Nb3 19. Nxh7 Kxh7 20. hxg6+ fxg6 21. Ng5+
Kh8 22. Bxg6 Nf6 23. exf6 Rxf6 24. Qh5+ Kg8 25. Qh7+ Kf8 26. Nxe6+ Rxe6 27.
Qf7# 1-0

[Event "X GRAN TORNEO INTERNACIONAL AFICIONADOS S-2300 "]
[Site "Benidorm (Alicante - SPAIN)"]
[Date "2011.12.06"]
[Round "5"]
[Board "1"]
[White "Sevillano Garcia, Joaquin"]
[Black "Z-Valiente Roy, Jose Javier"]
[Result "1/2-1/2"]
[WhiteElo "2026"]
[BlackElo "2035"]
[PlyCount "24"]
[EventDate "2011.12.02"]
[EventRounds "10"]
[EventCountry "ESP"]

1. Nf3 Nf6 2. b3 g6 3. Bb2 Bg7 4. e3 O-O 5. Be2 b6 6. O-O Bb7 7. d3 d6 8. Nbd2
c5 9. Ng5 h6 10. Nh3 Nc6 11. Qc1 e5 12. f4 Nd5 1/2-1/2

[Event "X GRAN TORNEO INTERNACIONAL AFICIONADOS S-2300 "]
[Site "Benidorm (Alicante - SPAIN)"]
[Date "2011.12.06"]
[Round "6"]
[Board "1"]
[White "Navarro, Ortiz De Ortuno Borja"]
[Black "Recuero Guerra, Javier"]
[Result "1-0"]
[WhiteElo "2296"]
[BlackElo "2282"]
[PlyCount "165"]
[EventDate "2011.12.02"]
[EventRounds "10"]
[EventCountry "ESP"]

1. d4 d6 2. Nf3 Nf6 3. g3 Nbd7 4. Bg2 e5 5. c4 Be7 6. Nc3 c6 7. e4 a6 8. a4 a5
9. O-O O-O 10. h3 Re8 11. Be3 exd4 12. Nxd4 Bf8 13. Qc2 Nc5 14. Rfe1 Nfd7 15.
f4 Na6 16. Rad1 Qc7 17. Bf2 Ndc5 18. Qb1 Bd7 19. Rd2 Rad8 20. Red1 Bc8 21. b3
Qb6 22. g4 g6 23. Bh4 Rd7 24. Kh1 Bg7 25. Nce2 Nc7 26. Qc2 d5 27. cxd5 cxd5 28.
e5 N5a6 29. Bf2 Nb4 30. Qb1 f6 31. Bg1 Qa6 32. Nf3 fxe5 33. Nxe5 Bxe5 34. fxe5
Rxe5 35. Nf4 b5 36. Bd4 Re8 37. Ba1 d4 38. Rxd4 Rxd4 39. Bxd4 Bb7 40. Ba1 Bxg2+
41. Nxg2 Nc6 42. Qb2 Re5 43. Re1 bxa4 44. Rxe5 Qf1+ 45. Kh2 Nxe5 46. Qxe5 Kf7
47. Qxc7+ Ke8 48. Qe5+ Kd7 49. bxa4 Qc1 50. Qd4+ Kc6 51. Qc3+ Qxc3 52. Bxc3 Kd5
53. Bxa5 Kc4 54. Bd8 Kb4 55. a5 Kb5 56. Kg3 h6 57. Kf4 Kc6 58. Ke5 Kb5 59. Kf6
g5 60. Kg6 h5 61. Kxh5 Ka6 62. Kxg5 Kb5 63. h4 Ka6 64. h5 Kb7 65. h6 Ka6 66. h7
Kb5 67. Bf6 Kc4 68. h8=Q Kd5 69. Qe8 Kc4 70. Bg7 Kd5 71. Bh6 Kd4 72. Kf5 Kd3
73. g5 Kd4 74. Nh4 Kd3 75. Qe4+ Kd2 76. Qf3 Kc2 77. Ng6 Kd2 78. Ke4 Kc2 79. Kd4
Kb2 80. Kc4 Kc1 81. Qe2 Kb1 82. Kb3 Ka1 83. Qb2# 1-0

[Event "X GRAN TORNEO INTERNACIONAL AFICIONADOS S-2300 "]
[Site "Benidorm (Alicante - SPAIN)"]
[Date "2011.12.06"]
[Round "6"]
[Board "1"]
[White "Suarez Roa, Jose Francisco"]
[Black "Voiteanu, Gabriel"]
[Result "0-1"]
[WhiteElo "2153"]
[BlackElo "2293"]
[PlyCount "114"]
[EventDate "2011.12.02"]
[EventRounds "10"]
[EventCountry "ESP"]

1. d4 Nf6 2. Nf3 g6 3. Bf4 Bg7 4. e3 O-O 5. Be2 d5 6. Nbd2 c5 7. c3 Qb6 8. Qb3
Nc6 9. h3 Re8 10. O-O c4 11. Qa3 Bf8 12. Ne5 e6 13. b4 a5 14. Qa4 Nxe5 15. Bxe5
axb4 16. Qxa8 Bd7 17. Bb8 bxc3 18. Nxc4 dxc4 19. Rab1 Qd8 20. Qxb7 c2 21. Rb2
c3 22. Rb3 Ba4 23. Bc7 Qc8 24. Be5 Nd7 25. Bg3 Qxb7 26. Rxb7 Ba3 27. Ra7 Nb6
28. Bc7 c1=R 29. Rxc1 Bxc1 30. Bxb6 Rb8 31. Rxa4 Rxb6 32. Rc4 Bd2 33. Bd3 Rb2
34. a4 Be1 35. Kf1 Bxf2 36. Rxc3 Bxe3 37. Rc2 Rxc2 38. Bxc2 Bxd4 39. Ke2 Kg7
40. Kd3 Ba7 41. Ke4 f5+ 42. Kf3 Kf6 43. a5 e5 44. Bb3 e4+ 45. Ke2 Ke5 46. Bg8
h6 47. Bh7 Kf6 48. Bg8 g5 49. a6 h5 50. Bd5 Ke5 51. Bf7 h4 52. Bh5 Kf4 53. Kf1
g4 54. Be8 gxh3 55. gxh3 Ke3 56. Bg6 f4 57. Bf7 f3 0-1

[Event "X GRAN TORNEO INTERNACIONAL AFICIONADOS S-2300 "]
[Site "Benidorm (Alicante - SPAIN)"]
[Date "2011.12.06"]
[Round "6"]
[Board "1"]
[White "Sanchez Aller, Fernando"]
[Black "Bas Mas, Jose Joaquin"]
[Result "1/2-1/2"]
[WhiteElo "2300"]
[BlackElo "2214"]
[PlyCount "67"]
[EventDate "2011.12.02"]
[EventRounds "10"]
[EventCountry "ESP"]

1. e4 e6 2. d4 d5 3. Nc3 Nf6 4. e5 Nfd7 5. Nce2 c5 6. c3 Nc6 7. Nf3 Qb6 8. a3
Be7 9. h4 Na5 10. b4 cxb4 11. axb4 Nc4 12. Nf4 Qc7 13. Bd3 Nf8 14. Nh5 Rg8 15.
Bg5 Nb2 16. Qc2 Nxd3+ 17. Qxd3 Bxg5 18. hxg5 Bd7 19. Nd2 Qb6 20. O-O Bb5 21. c4
Bxc4 22. Nxc4 dxc4 23. Qxc4 Rd8 24. Rfd1 Ng6 25. d5 exd5 26. Rxd5 Rxd5 27. Qxd5
Ke7 28. Qd6+ Qxd6 29. exd6+ Kxd6 30. Rxa7 Kc6 31. Ra5 Ne7 32. Rc5+ Kd6 33. Ng3
Ra8 34. Nf5+ 1/2-1/2

[Event "X GRAN TORNEO INTERNACIONAL AFICIONADOS S-2300 "]
[Site "Benidorm (Alicante - SPAIN)"]
[Date "2011.12.06"]
[Round "6"]
[Board "1"]
[White "Lillo Castay, Victor"]
[Black "Sanchez, Botella Luis Javier"]
[Result "0-1"]
[WhiteElo "2289"]
[BlackElo "2221"]
[PlyCount "78"]
[EventDate "2011.12.02"]
[EventRounds "10"]
[EventCountry "ESP"]

1. e4 c5 2. Nf3 e6 3. d4 cxd4 4. Nxd4 a6 5. Nc3 Qc7 6. f4 b5 7. Bd3 Bb7 8. Bd2
d6 9. Qe2 Nf6 10. a3 Nbd7 11. O-O-O Be7 12. Kb1 Nc5 13. g4 d5 14. e5 Nfe4 15.
Bxe4 Nxe4 16. Nxe4 dxe4 17. Bb4 Bxb4 18. axb4 Bd5 19. h4 O-O 20. g5 Rfb8 21. g6
fxg6 22. h5 a5 23. hxg6 h6 24. Nxb5 Qc6 25. Nd4 Qa4 26. c4 axb4 27. cxd5 Rc8
28. Nc6 b3 29. Kc1 exd5 30. Kd2 Rxc6 31. Ke1 Rc2 32. Qe3 Qb4+ 33. Kf1 Qc4+ 34.
Kg1 Rxb2 35. Qb6 Qa6 36. Qxa6 Rxa6 37. Rh2 Rxg6+ 38. Kh1 Rxh2+ 39. Kxh2 e3 0-1

[Event "X GRAN TORNEO INTERNACIONAL AFICIONADOS S-2300 "]
[Site "Benidorm (Alicante - SPAIN)"]
[Date "2011.12.06"]
[Round "6"]
[Board "1"]
[White "Tscharotschkin, Michael"]
[Black "Inants, Aghasi"]
[Result "0-1"]
[WhiteElo "2202"]
[BlackElo "2288"]
[PlyCount "64"]
[EventDate "2011.12.02"]
[EventRounds "10"]
[EventCountry "ESP"]

1. e4 c5 2. c3 Nf6 3. e5 Nd5 4. d4 cxd4 5. cxd4 e6 6. Nf3 b6 7. Nc3 Nxc3 8.
bxc3 Qc7 9. Bd2 Bb7 10. Bd3 d6 11. O-O Nd7 12. Ng5 dxe5 13. Qh5 g6 14. Qh3 Be7
15. Rae1 Bd5 16. c4 Bxc4 17. Rc1 b5 18. Qf3 O-O 19. Nxf7 exd4 20. Nh6+ Kg7 21.
Qh3 Ne5 22. Be4 Rac8 23. f4 Nf7 24. f5 Ng5 25. Qg4 Nxe4 26. Qxe4 exf5 27. Nxf5+
gxf5 28. Rxf5 Rxf5 29. Qxf5 Rf8 30. Qg4+ Kh8 31. Re1 Qe5 32. h4 Qf6 0-1

[Event "X GRAN TORNEO INTERNACIONAL AFICIONADOS S-2300 "]
[Site "Benidorm (Alicante - SPAIN)"]
[Date "2011.12.06"]
[Round "6"]
[Board "1"]
[White "Villuendas Valero, Adrian"]
[Black "Ferrer Sanchez, Pedro Jesus"]
[Result "1/2-1/2"]
[WhiteElo "2267"]
[BlackElo "2156"]
[PlyCount "59"]
[EventDate "2011.12.02"]
[EventRounds "10"]
[EventCountry "ESP"]

1. d4 Nf6 2. Bg5 d6 3. Bxf6 gxf6 4. g3 c5 5. dxc5 Qa5+ 6. Nd2 Qxc5 7. Bg2 Bg7
8. Ngf3 Nc6 9. c3 O-O 10. O-O Rb8 11. Ne1 Qh5 12. Nd3 Bh6 13. e4 Qxd1 14. Rfxd1
b5 15. f4 Bd7 16. Rac1 Rfc8 17. Kf2 a5 18. Nf3 Be6 19. a3 b4 20. cxb4 axb4 21.
Nxb4 Nxb4 22. Rxc8+ Bxc8 23. axb4 Rxb4 24. Rd2 Bb7 25. Nd4 e6 26. Ke3 Bg7 27.
Bh3 Kf8 28. Rd3 Rxb2 29. Rb3 Rxb3+ 30. Nxb3 1/2-1/2

[Event "X GRAN TORNEO INTERNACIONAL AFICIONADOS S-2300 "]
[Site "Benidorm (Alicante - SPAIN)"]
[Date "2011.12.06"]
[Round "6"]
[Board "1"]
[White "Accattato Martin, Mario"]
[Black "Lapicki, Raul"]
[Result "0-1"]
[WhiteElo "2185"]
[BlackElo "2237"]
[PlyCount "50"]
[EventDate "2011.12.02"]
[EventRounds "10"]
[EventCountry "ESP"]

1. e4 e6 2. Nf3 d5 3. Nc3 Nf6 4. e5 Nfd7 5. d4 c5 6. dxc5 Nc6 7. Bf4 Nxc5 8.
Bd3 Be7 9. Qe2 a6 10. h4 b5 11. Ng5 h6 12. Nf3 b4 13. Nb1 a5 14. Bb5 Bd7 15.
Nbd2 Qb6 16. Bxc6 Bxc6 17. Nd4 Na4 18. Be3 Qc7 19. Rb1 Bd7 20. Bf4 g6 21. N2b3
Nxb2 22. Nb5 Bxb5 23. Qxb5+ Kf8 24. Qe2 Na4 25. Qg4 h5 0-1

[Event "X GRAN TORNEO INTERNACIONAL AFICIONADOS S-2300 "]
[Site "Benidorm (Alicante - SPAIN)"]
[Date "2011.12.06"]
[Round "6"]
[Board "1"]
[White "San Emeterio Rubio, Jose"]
[Black "Garcia Lopez, Miguel Angel"]
[Result "1-0"]
[WhiteElo "2025"]
[BlackElo "2232"]
[PlyCount "99"]
[EventDate "2011.12.02"]
[EventRounds "10"]
[EventCountry "ESP"]

1. e4 c5 2. Nc3 e6 3. g3 d5 4. exd5 exd5 5. d3 Nf6 6. Bg2 Be7 7. Nge2 Nc6 8.
O-O d4 9. Ne4 O-O 10. Nxf6+ Bxf6 11. Nf4 g6 12. Re1 Bg7 13. h3 Bd7 14. a3 a5
15. Qf3 Rc8 16. Qd5 Bf5 17. Qxd8 Rfxd8 18. g4 Bd7 19. Nd5 Be6 20. Nb6 Rc7 21.
Bg5 f6 22. Bxf6 Bxf6 23. Rxe6 Bg5 24. Rae1 Kg7 25. Bxc6 bxc6 26. a4 Rf7 27. Re8
Rd6 28. R1e6 Rxe6 29. Rxe6 Bh4 30. Re2 h5 31. Kg2 hxg4 32. hxg4 Bd8 33. Nc4 Bc7
34. Re6 Kh6 35. Ne5 Bxe5 36. Rxe5 Rb7 37. b3 c4 38. dxc4 d3 39. cxd3 Rxb3 40.
Rxa5 Rxd3 41. Rc5 Ra3 42. a5 Kg7 43. f3 Kf7 44. Kg3 Kg7 45. g5 Kf7 46. Kg4 Ra1
47. Kf4 Ke7 48. Rxc6 Rxa5 49. Rxg6 Rc5 50. Rf6 1-0

[Event "X GRAN TORNEO INTERNACIONAL AFICIONADOS S-2300 "]
[Site "Benidorm (Alicante - SPAIN)"]
[Date "2011.12.06"]
[Round "6"]
[Board "1"]
[White "Navarro Lopez-Menchero, Daniel"]
[Black "Fernandez Manrique, Agustin"]
[Result "1-0"]
[WhiteElo "2230"]
[BlackElo "2173"]
[PlyCount "75"]
[EventDate "2011.12.02"]
[EventRounds "10"]
[EventCountry "ESP"]

1. e4 e6 2. b3 d5 3. Bb2 Nf6 4. e5 Nfd7 5. Qg4 c5 6. f4 Nc6 7. Nf3 Qb6 8. Be2
Ne7 9. Nc3 a6 10. Rd1 Qc7 11. O-O f5 12. Qh5+ g6 13. Qh4 d4 14. Nb1 Nd5 15. c3
Be7 16. Qh3 dxc3 17. Nxc3 N7b6 18. Nxd5 Nxd5 19. Bc4 Qc6 20. Bxd5 Qxd5 21. d4
c4 22. bxc4 Qxc4 23. Ng5 Qd5 24. Ba3 Bxa3 25. Qxa3 Bd7 26. Rc1 Bc6 27. Nf3 Rd8
28. Rc5 Qe4 29. Qb3 Bd5 30. Qa4+ Bc6 31. Qb3 Bd5 32. Qb4 Qe3+ 33. Kh1 Bxf3 34.
gxf3 Qxd4 35. Qb6 Qd7 36. Rc7 Qd5 37. Rxb7 Qb5 38. Qxe6+ 1-0

[Event "X GRAN TORNEO INTERNACIONAL AFICIONADOS S-2300 "]
[Site "Benidorm (Alicante - SPAIN)"]
[Date "2011.12.06"]
[Round "6"]
[Board "1"]
[White "Parals Marce, Luis"]
[Black "Vaarala, Eric"]
[Result "0-1"]
[WhiteElo "2007"]
[BlackElo "2226"]
[PlyCount "70"]
[EventDate "2011.12.02"]
[EventRounds "10"]
[EventCountry "ESP"]

1. d4 Nf6 2. c4 g6 3. Nc3 d5 4. cxd5 Nxd5 5. e4 Nxc3 6. bxc3 Bg7 7. Be3 c5 8.
Bb5+ Nd7 9. Qb3 a6 10. Bc4 O-O 11. Rb1 b5 12. Be2 Bb7 13. f3 Qa5 14. Kf2 c4 15.
Qb4 Qxb4 16. Rxb4 Nb6 17. Rb1 f5 18. e5 Bd5 19. Nh3 Rfb8 20. Nf4 e6 21. h4 Kf7
22. Bd2 Bf8 23. h5 g5 24. Nh3 h6 25. Bd1 Be7 26. Rf1 Bc6 27. g4 Nd5 28. Bc2 f4
29. Be4 a5 30. Rfc1 Rb6 31. Ke2 b4 32. Nf2 Rab8 33. Nd1 bxc3 34. Nxc3 Nxc3+ 35.
Bxc3 Bxe4 0-1

[Event "X GRAN TORNEO INTERNACIONAL AFICIONADOS S-2300 "]
[Site "Benidorm (Alicante - SPAIN)"]
[Date "2011.12.06"]
[Round "6"]
[Board "1"]
[White "Moreno Gracia, Daniel"]
[Black "Escudero Manzano, Alejandro"]
[Result "1-0"]
[WhiteElo "2298"]
[BlackElo "2174"]
[PlyCount "81"]
[EventDate "2011.12.02"]
[EventRounds "10"]
[EventCountry "ESP"]

1. e4 c5 2. c3 e6 3. d4 d5 4. e5 f5 5. exf6 Nxf6 6. Nf3 a6 7. Bd3 Nc6 8. O-O
cxd4 9. cxd4 Bd6 10. Nc3 O-O 11. Bg5 Qc7 12. Bh4 Nh5 13. Bg3 Nf4 14. Ne2 g6 15.
Qd2 Bd7 16. Rac1 Rae8 17. Ne5 Bxe5 18. dxe5 Nxe2+ 19. Qxe2 Qb6 20. h4 Nb4 21.
Rfd1 Nxa2 22. Ra1 Nb4 23. Bb1 Re7 24. h5 gxh5 25. Ra3 Be8 26. Bh4 Rg7 27. Bf6
Rg4 28. Kh2 Bg6 29. Rg3 Rxg3 30. fxg3 Qb5 31. Qxb5 axb5 32. Bxg6 hxg6 33. Be7
Nc6 34. Bxf8 Kxf8 35. Re1 g5 36. g4 hxg4 37. Kg3 Kf7 38. Kxg4 Kg6 39. Re2 b4
40. Re1 Na5 41. Rf1 1-0

[Event "X GRAN TORNEO INTERNACIONAL AFICIONADOS S-2300 "]
[Site "Benidorm (Alicante - SPAIN)"]
[Date "2011.12.06"]
[Round "6"]
[Board "1"]
[White "Bendayan Claros, Aaron"]
[Black "Garcia Trobat, Francisco"]
[Result "0-1"]
[WhiteElo "2175"]
[BlackElo "2291"]
[PlyCount "52"]
[EventDate "2011.12.02"]
[EventRounds "10"]
[EventCountry "ESP"]

1. d4 Nf6 2. c4 e6 3. Nf3 Bb4+ 4. Nbd2 b6 5. a3 Bxd2+ 6. Qxd2 Bb7 7. g3 d5 8.
cxd5 Bxd5 9. Bg2 O-O 10. O-O Nbd7 11. b4 Qc8 12. Bb2 Qb7 13. Rfc1 a5 14. Ne1
Bxg2 15. Nxg2 axb4 16. axb4 Rxa1 17. Bxa1 Ra8 18. Ne3 h6 19. f3 Ra7 20. Bb2 Qa8
21. Rc2 b5 22. Qd3 c6 23. Nf1 Nd5 24. Qd2 Ra4 25. Bc3 N5b6 26. Ne3 Qc8 0-1

[Event "X GRAN TORNEO INTERNACIONAL AFICIONADOS S-2300 "]
[Site "Benidorm (Alicante - SPAIN)"]
[Date "2011.12.06"]
[Round "6"]
[Board "1"]
[White "Sos, Andreu Eric"]
[Black "Sgircea, Silvia-Raluca"]
[Result "1/2-1/2"]
[WhiteElo "2070"]
[BlackElo "2240"]
[PlyCount "51"]
[EventDate "2011.12.02"]
[EventRounds "10"]
[EventCountry "ESP"]

1. c4 c5 2. Nf3 Nc6 3. Nc3 g6 4. d4 cxd4 5. Nxd4 Nf6 6. g3 Bg7 7. Bg2 O-O 8.
O-O Nxd4 9. Qxd4 d6 10. Qd3 Nd7 11. b3 Nc5 12. Qd2 a5 13. Bb2 Ne6 14. Nb5 Qe8
15. Bxg7 Kxg7 16. Qb2+ Kg8 17. Rfd1 Bd7 18. Nc3 Bc6 19. Nd5 Bxd5 20. Rxd5 Rb8
21. Qd2 Qd7 22. Rd1 Rfd8 23. e4 b6 24. h4 Qc7 25. Qe3 a4 26. R5d2 1/2-1/2

[Event "X GRAN TORNEO INTERNACIONAL AFICIONADOS S-2300 "]
[Site "Benidorm (Alicante - SPAIN)"]
[Date "2011.12.06"]
[Round "6"]
[Board "1"]
[White "Lara Lopez, Jose"]
[Black "Arias Igual, Alejandro"]
[Result "1/2-1/2"]
[WhiteElo "2231"]
[BlackElo "2123"]
[PlyCount "67"]
[EventDate "2011.12.02"]
[EventRounds "10"]
[EventCountry "ESP"]

1. e4 c5 2. Nc3 Nc6 3. f4 e6 4. Nf3 d5 5. Bb5 dxe4 6. Ne5 Bd7 7. Bxc6 Bxc6 8.
Nxc6 bxc6 9. Nxe4 Nf6 10. Qf3 Nxe4 11. Qxe4 Qd5 12. d3 Be7 13. Be3 O-O 14. O-O
Rab8 15. b3 Bf6 16. Rae1 Bd4 17. f5 Qxe4 18. dxe4 Rfd8 19. fxe6 fxe6 20. Kf2 c4
21. Ke2 a5 22. Rd1 c5 23. Rb1 cxb3 24. cxb3 Bxe3 25. Kxe3 Rb4 26. Rbd1 Rdd4 27.
Rxd4 cxd4+ 28. Kf4 a4 29. Rf3 axb3 30. axb3 Rb5 31. e5 Rb4 32. Rd3 Kf7 33. g4
Kg6 34. h4 1/2-1/2

[Event "X GRAN TORNEO INTERNACIONAL AFICIONADOS S-2300 "]
[Site "Benidorm (Alicante - SPAIN)"]
[Date "2011.12.06"]
[Round "6"]
[Board "1"]
[White "Lanza, Luciano"]
[Black "Paya Prats, Damian"]
[Result "1-0"]
[WhiteElo "2178"]
[BlackElo "2028"]
[PlyCount "49"]
[EventDate "2011.12.02"]
[EventRounds "10"]
[EventCountry "ESP"]

1. e4 d6 2. d4 g6 3. Nc3 Bg7 4. Be3 c6 5. Qd2 Nd7 6. Nge2 Ngf6 7. f3 b5 8. Ng3
h5 9. Bd3 a6 10. a4 b4 11. Nd1 a5 12. O-O Ba6 13. Bxa6 Rxa6 14. h3 Qc8 15. Bg5
c5 16. d5 Ra7 17. Ne3 c4 18. Qd4 Rc7 19. f4 h4 20. Ngf5 gxf5 21. Nxf5 Rg8 22.
e5 Nxe5 23. Nxg7+ Rxg7 24. fxe5 Rxg5 25. exf6 1-0

[Event "X GRAN TORNEO INTERNACIONAL AFICIONADOS S-2300 "]
[Site "Benidorm (Alicante - SPAIN)"]
[Date "2011.12.06"]
[Round "6"]
[Board "1"]
[White "Lillo Ferrer, Jose Maria M"]
[Black "Gromovs, Sergejs"]
[Result "0-1"]
[WhiteElo "2126"]
[BlackElo "2275"]
[PlyCount "40"]
[EventDate "2011.12.02"]
[EventRounds "10"]
[EventCountry "ESP"]

1. e4 d6 2. g3 g6 3. Bg2 Bg7 4. d3 c5 5. f4 Nc6 6. Nf3 h5 7. c3 b5 8. Be3 Rb8
9. O-O b4 10. d4 bxc3 11. bxc3 cxd4 12. cxd4 Nf6 13. Nc3 Qa5 14. Rc1 Ng4 15.
Bd2 Nxd4 16. Nd5 Qxa2 17. Bb4 Ne2+ 18. Kh1 Nxc1 19. Nc7+ Kf8 20. Bxd6 Qxg2+ 0-1

[Event "X GRAN TORNEO INTERNACIONAL AFICIONADOS S-2300 "]
[Site "Benidorm (Alicante - SPAIN)"]
[Date "2011.12.06"]
[Round "6"]
[Board "1"]
[White "Bosque Ortega, Xavier"]
[Black "Navarrete Espi, Samuel"]
[Result "1-0"]
[WhiteElo "2229"]
[BlackElo "2107"]
[PlyCount "91"]
[EventDate "2011.12.02"]
[EventRounds "10"]
[EventCountry "ESP"]

1. d4 Nf6 2. Bf4 g6 3. e3 Bg7 4. h3 O-O 5. Nf3 d6 6. Be2 c5 7. c3 b6 8. O-O Bb7
9. Nbd2 Nbd7 10. Re1 Qc7 11. Bh2 a6 12. Bf1 Ne4 13. Nxe4 Bxe4 14. Ng5 Bb7 15.
e4 e5 16. dxe5 dxe5 17. Bc4 b5 18. Bd5 c4 19. Bxb7 Qxb7 20. Qd6 Rac8 21. b4
cxb3 22. axb3 Nc5 23. Rad1 h6 24. b4 Na4 25. Nf3 Nxc3 26. Ra1 Na4 27. Red1 Nb2
28. Rd5 Rc6 29. Qd7 Rfc8 30. Qxb7 Rc1+ 31. Rd1 Nxd1 32. Rxc1 Rxc1 33. Kf1 Nc3+
34. Ne1 Bf8 35. Bxe5 Nb1 36. Qb8 Nd2+ 37. Ke2 Nxe4 38. f3 Ng5 39. Bd6 Ne6 40.
Bxf8 Nxf8 41. Nd3 Rc2+ 42. Ke3 Kg7 43. Qe5+ Kh7 44. Qe7 Kg7 45. Ne5 Rc3+ 46.
Kd2 1-0

[Event "X GRAN TORNEO INTERNACIONAL AFICIONADOS S-2300 "]
[Site "Benidorm (Alicante - SPAIN)"]
[Date "2011.12.06"]
[Round "6"]
[Board "1"]
[White "Mataix Arbona, Cesar"]
[Black "Cano Gimenez, Vicente"]
[Result "1/2-1/2"]
[WhiteElo "2071"]
[BlackElo "2197"]
[PlyCount "37"]
[EventDate "2011.12.02"]
[EventRounds "10"]
[EventCountry "ESP"]

1. d4 Nf6 2. Bg5 e6 3. e4 h6 4. Bxf6 Qxf6 5. Nc3 Bb4 6. Qd2 d6 7. Nf3 Nd7 8. a3
Ba5 9. b4 Bb6 10. Na4 e5 11. c3 c6 12. Nxb6 Nxb6 13. dxe5 dxe5 14. Rd1 Bg4 15.
Be2 Bxf3 16. Bxf3 Rd8 17. Qxd8+ Qxd8 18. Rxd8+ Kxd8 19. Be2 1/2-1/2

[Event "X GRAN TORNEO INTERNACIONAL AFICIONADOS S-2300 "]
[Site "Benidorm (Alicante - SPAIN)"]
[Date "2011.12.06"]
[Round "6"]
[Board "1"]
[White "Acebal Muniz, Antonio"]
[Black "Sanchez Jerez, Emilio Miguel"]
[Result "1-0"]
[WhiteElo "2113"]
[BlackElo "2288"]
[PlyCount "49"]
[EventDate "2011.12.02"]
[EventRounds "10"]
[EventCountry "ESP"]

1. Nf3 Nf6 2. c4 g6 3. Nc3 d6 4. d4 Bf5 5. Nh4 Bd7 6. e4 Bg7 7. Be2 O-O 8. e5
Ne8 9. Nf3 c5 10. exd6 exd6 11. Bg5 f6 12. Be3 b6 13. dxc5 dxc5 14. Qd5+ Rf7
15. Rd1 Nc6 16. O-O Qc8 17. Rfe1 h6 18. Nh4 Be6 19. Qd2 Kh7 20. Nd5 g5 21. Bd3+
f5 22. Bxg5 hxg5 23. Qxg5 Nf6 24. Qg6+ Kg8 25. Rxe6 1-0

[Event "X GRAN TORNEO INTERNACIONAL AFICIONADOS S-2300 "]
[Site "Benidorm (Alicante - SPAIN)"]
[Date "2011.12.06"]
[Round "6"]
[Board "1"]
[White "Martinez Tormo, Jorge"]
[Black "Luke Brezmes, Cristofer"]
[Result "1-0"]
[WhiteElo "2162"]
[BlackElo "2027"]
[PlyCount "49"]
[EventDate "2011.12.02"]
[EventRounds "10"]
[EventCountry "ESP"]

1. e4 e5 2. Bc4 Nf6 3. d3 Bc5 4. Nf3 d6 5. c3 Bb6 6. Nbd2 Be6 7. O-O Nc6 8. a4
O-O 9. b4 a6 10. Re1 Qd7 11. a5 Ba7 12. b5 Nb8 13. bxa6 bxa6 14. d4 Bxc4 15.
Nxc4 exd4 16. cxd4 Qb5 17. Qc2 Re8 18. Bf4 Qc6 19. d5 Qd7 20. Bg5 Qg4 21. h3
Qh5 22. Bxf6 gxf6 23. Ne3 Bc5 24. Ng4 Nd7 25. Qa4 1-0

[Event "X GRAN TORNEO INTERNACIONAL AFICIONADOS S-2300 "]
[Site "Benidorm (Alicante - SPAIN)"]
[Date "2011.12.06"]
[Round "6"]
[Board "1"]
[White "Gonzalez Aguirre, Luis"]
[Black "Moreno Simo, Javier"]
[Result "0-1"]
[WhiteElo "2145"]
[BlackElo "2034"]
[PlyCount "52"]
[EventDate "2011.12.02"]
[EventRounds "10"]
[EventCountry "ESP"]

1. c4 f5 2. g3 Nf6 3. Bg2 d6 4. Nc3 g6 5. e3 Bg7 6. Nge2 O-O 7. O-O e5 8. d3
Nc6 9. Rb1 a5 10. a3 Be6 11. Nd5 Bxd5 12. cxd5 Ne7 13. Qb3 b6 14. Bd2 Kh8 15.
Rbc1 g5 16. f4 h6 17. fxe5 dxe5 18. d6 Qxd6 19. Bxa8 Rxa8 20. Qc4 c6 21. b4
axb4 22. axb4 Rd8 23. Rc3 Ned5 24. Ra3 Ng4 25. Rf3 e4 26. dxe4 Ne5 0-1

[Event "X GRAN TORNEO INTERNACIONAL AFICIONADOS S-2300 "]
[Site "Benidorm (Alicante - SPAIN)"]
[Date "2011.12.06"]
[Round "6"]
[Board "1"]
[White "Garcia De Lomas Guerrero, Carlo"]
[Black "Aranaz Portugues, Jose Carlos"]
[Result "1/2-1/2"]
[WhiteElo "1976"]
[BlackElo "2135"]
[PlyCount "46"]
[EventDate "2011.12.02"]
[EventRounds "10"]
[EventCountry "ESP"]

1. e4 c6 2. d4 d5 3. Nd2 dxe4 4. Nxe4 Bf5 5. Ng3 Bg6 6. h4 h6 7. Nf3 e6 8. h5
Bh7 9. Bd3 Bxd3 10. Qxd3 Nf6 11. Bd2 Be7 12. O-O-O O-O 13. Qe2 a5 14. Ne5 Qxd4
15. Ng6 Ba3 16. c3 Qd5 17. bxa3 Qxa2 18. Nxf8 Qxa3+ 19. Kc2 Qa2+ 20. Kc1 Kxf8
21. Be3 Qa1+ 22. Kc2 Qa2+ 23. Kc1 Qa1+ 1/2-1/2

[Event "X GRAN TORNEO INTERNACIONAL AFICIONADOS S-2300 "]
[Site "Benidorm (Alicante - SPAIN)"]
[Date "2011.12.06"]
[Round "6"]
[Board "1"]
[White "Lopez Pereyra, Antonio"]
[Black "Marchena Hurtado, Ander"]
[Result "1-0"]
[WhiteElo "2132"]
[BlackElo "1950"]
[PlyCount "39"]
[EventDate "2011.12.02"]
[EventRounds "10"]
[EventCountry "ESP"]

1. e4 c5 2. Nf3 d6 3. d4 cxd4 4. Nxd4 Nf6 5. Nc3 Nc6 6. Bc4 e6 7. Be3 Be7 8.
Qe2 O-O 9. O-O-O a6 10. Bb3 Qc7 11. g4 Nd7 12. Rhg1 Nc5 13. g5 b5 14. Bd5 Bb7
15. Qh5 Rfd8 16. Nf5 Bf8 17. Nh6+ gxh6 18. gxh6+ Kh8 19. Rg8+ Kxg8 20. Qg5+ 1-0

[Event "X GRAN TORNEO INTERNACIONAL AFICIONADOS S-2300 "]
[Site "Benidorm (Alicante - SPAIN)"]
[Date "2011.12.06"]
[Round "6"]
[Board "1"]
[White "Sanchez Dengra, Barbara"]
[Black "Codina Tormo, Julia"]
[Result "1/2-1/2"]
[WhiteElo "1874"]
[BlackElo "2033"]
[PlyCount "34"]
[EventDate "2011.12.02"]
[EventRounds "10"]
[EventCountry "ESP"]

1. e4 c5 2. Nf3 Nc6 3. d4 cxd4 4. Nxd4 g6 5. c4 Nf6 6. Nc3 Nxd4 7. Qxd4 d6 8.
Be3 Bg7 9. Be2 O-O 10. Qd2 Be6 11. O-O Rc8 12. b3 a6 13. Rac1 Re8 14. f3 Qa5
15. Nd5 Qxd2 16. Bxd2 Bxd5 17. exd5 Nd7 1/2-1/2

[Event "X GRAN TORNEO INTERNACIONAL AFICIONADOS S-2300 "]
[Site "Benidorm (Alicante - SPAIN)"]
[Date "2011.12.06"]
[Round "6"]
[Board "1"]
[White "Reginaldo Huix, Pere"]
[Black "Larsen, Tor Ketil"]
[Result "0-1"]
[WhiteElo "2017"]
[BlackElo "1967"]
[PlyCount "50"]
[EventDate "2011.12.02"]
[EventRounds "10"]
[EventCountry "ESP"]

1. d4 Nf6 2. e3 g6 3. f4 c5 4. c3 cxd4 5. exd4 d6 6. Nf3 Bg7 7. Bd3 O-O 8. O-O
b6 9. Nbd2 Bb7 10. Qe2 Re8 11. Ne4 Nbd7 12. Nfg5 h6 13. Nxf6+ exf6 14. Nxf7
Rxe2 15. Nxd8 Rxg2+ 16. Kh1 Rxd8 17. Bc4+ Kf8 18. d5 Rg4 19. h3 Rh4 20. Kh2 Nc5
21. Kg3 Ne4+ 22. Kxh4 f5 23. Rg1 Bf6+ 24. Rg5 Kf7 25. Bd3 hxg5+ 0-1